Представление документа в формате RUSMARC

ПолеНазваниеЗначение
  Тип записи a
  Библиографический уровень m
001 Контрольный номер RU/CBS_UL/BASE/549740dc5f444dcfb38c584a1d440552
005 Дата корректировки 20260126141144.2
010 Индекс ISBN __
a ISBN
b Уточнения в пер.
d Цена 1 р. 60 к.
9 Тираж экз.
100 Данные общей обработки __
a Данные общей обработки 20141105d2014 ||| 0rusy0189 ca
101 Язык документа 0_
a Язык текста rus
102 Страна публикации __
a Страна публикации RU
105 Кодированные данные (монография) __
a Кодированные данные (монография) y###||||000|y
200 Заглавие и сведения об ответственности 1_
a Заглавие Витязь в тигровой шкуре
e Сведения, относящиеся к заглавию поэма
f Первые сведения об ответственности Ш. Руставели
g Последующие сведения об ответственности пер. с груз. и обраб. Н. Заболоцкого
210 Выходные данные 1_
a Место издания Москва
c Издательство Детская литература
d Дата издания 1991
215 Физическое описание __
a Объем 207 с.
c Иллюстрации/тип воспроизводства ил.
d Формат см.
225 Серия 2_
a Серия Школьная библиотека
300 Общие примечания __
a Общие примечания 12+
300 Общие примечания __
a Общие примечания Под инв. номером 38535 : 2-1, 3-1, 18-1, 26-1, 28-2
606 Тематические рубрики 0_
a Основная рубрика Грузинская литература, 12-13 вв. - Поэзия
610 Ключевые слова 0_
a Ключевые слова поэмы
a Ключевые слова классика
a Ключевые слова литература грузинская
a Ключевые слова любовь
a Ключевые слова народ
a Ключевые слова добро
a Ключевые слова свобода
a Ключевые слова патриотизм
686 Индексы других классификаций __
a Классификационный индекс 84(5Гру)
2 Код системы ББК
700 Автор _1
a Фамилия Руставели
b Имя (инициалы) Ш.
g Полное личное имя Шота
801 Источник записи _0
a Страна RU
b Организация МБУК ЦБС г. Ульяновска
c Дата составления 20141105
g Правила каталогизации RCR
801 Источник записи _1
a Страна RU
b Организация МБУК ЦБС г. Ульяновска
c Дата составления 20141105
g Правила каталогизации RCR
899 Данные о местонахождении __
i Авторский знак Р 89
j Расстановочный фильтр И(Груз)
901 Тип документа __
t Тип документа m